Ιδιωτικές και δημόσιες επιχειρήσεις : (επίκαιροι προβληματισμοί)
Saved in:
| Main Author: | |
|---|---|
| Format: | Book |
| Language: | Greek |
| Published: |
Θεσσαλονίκη :
Σάκκουλας,
1993
|
| Subjects: | |
| Tags: |
Add Tag
No Tags, Be the first to tag this record!
|
MARC
| LEADER | 00000cam a2200000 i 4500 | ||
|---|---|---|---|
| 001 | 1/6763 | ||
| 008 | 000617s1993 gre d | ||
| 020 | |a 960-301-090-1 | ||
| 035 | |l 10062049 | ||
| 040 | |a GR-MY-UA |b gre |e aacr | ||
| 041 | 0 | |a gre | |
| 082 | 0 | |a 338.6209495 | |
| 100 | 1 | |a Νεγρεπόντη-Δελιβάνη, Μαρία. | |
| 245 | 1 | 0 | |a Ιδιωτικές και δημόσιες επιχειρήσεις : |b (επίκαιροι προβληματισμοί) / |c Μαρίας Νεγρεπόντη - Δελιβάνη |
| 260 | |a Θεσσαλονίκη : |b Σάκκουλας, |c 1993 | ||
| 300 | |a 106 σ.; |c 21 εκ. | ||
| 504 | |a Περιέχει βιβλιογραφία | ||
| 650 | 0 | 0 | |a Business enterprises |z Greece. |
| 650 | 0 | 0 | |a Government business enterprises |z Greece. |
| 852 | |a INST |b CHIOS |e 20010301 |h 338.6209495 ΝΕΓ |p 005200016836 |q 005200016836 |t BK |y 0 | ||
| 852 | |a INST |b CHIOS |e 20001003 |h 338.6209495 ΝΕΓ |p 005200017504 |q 005200017504 |t BK |y 0 | ||
| 852 | |a INST |b CHIOS |e 20000905 |h 338.6209495 ΝΕΓ |p 005200018435 |q 005200018435 |t BK |y 0 | ||
| 852 | |a INST |b LESVOS |e 20010123 |h 338.6209495 ΝΕΓ |p 005100029277 |q 005100029277 |t BK |y 0 | ||
| 852 | |a INST |b RHODES |e 20010424 |h 338.6209495 ΝΕΓ |p 005400016989 |q 005400016989 |t BK |y 0 | ||
| 852 | |a INST |b SAMOS |e 20000617 |h 338.6209495 ΝΕΓ |p 005300018008 |q 005300018008 |t BK |y 0 | ||
| 901 | |a BIBL3-2000-2 | ||
| 901 | |a BIBL2-2000-2 | ||
| 901 | |a BIBL4-2001-1 | ||
| 909 | |a Σ |b 075008 | ||
| 909 | |a Χ |b 082996 | ||
| 909 | |a Χ |b 074636 | ||
| 909 | |a Χ |b 076141 | ||
| 909 | |a Λ |b 084641 | ||
| 909 | |a Ρ |b 085020 | ||
| 920 | |a ΤΜΗΜΑ ΔΙΟΙΚΗΣΗΣ ΕΠΙΧΕΙΡΗΣΕΩΝ |y ΧΙΟΣ |z 2000-02 | ||
| 970 | |z 2000/06/ΜΠΡΑΤΤΗΣ | ||
| 970 | |z 2000/09/ΣΟΦΙΑ | ||